000 00870nam a2200241Ia 4500
003 OSt
005 20220923222247.0
006 a|||||r|||| 00| 0
007 ta
008 220922b |||||||| |||| 00| 0 guj d
024 _a204,084
037 _cTextual
040 _aARTS
_cARTS
_bguj
041 _2guj
_aguj
082 _aO156,3M87,SS, 152K5
100 _aमुंशी, कन्हैयालाल माणिकलाल; नागर, शिवचंद्, अनु.
_9166477
245 0 _aशिशु और सखी
246 _aShishu aur sakhī
260 _c1965
650 _aगुजराती साहित्य
942 _hO156,3M87,SS, 152K5
_cTEXL
_2CC
999 _c354833
_d354833